Anarchist Studies

Detalles Bibliográficos
Formato: Desconocido
Lenguaje:inglés
Publicado: London: Lawrence & Wishart
Materias:
Acceso en línea:Acceso restringido

MARC

LEADER 00000ny a22000003n 4500
005 2011051200110.0
008 060509s1992 enk 000 eng d
022 |a 0967-3393 
035 |a 3123 
040 |a BUS  |d vLex 
090 |c 1721  |d 1721 
245 3 0 |a Anarchist Studies  |h [Recurso electrn̤ico] 
256 |a Servicio en ln̕ea 
260 |a London:  |b Lawrence & Wishart 
310 |a Semestral 
506 1 |a Contenido solo disponible en los productos indicados  |d vLex Global  |d vLex Global (Academic Edition, excluding Law Schools)  |d vLex Global (Academic Edition, Law Schools) 
650 0 4 |a Anarquismo  |x Publicaciones perid̤icas 
740 0 |a vLex Revista (Servicios en ln̕ea) 
843 |a Electrn̤ica. Abierta 
853 |8 1  |i (year)  |j (month)  |k (day) 
856 4 0 |z Acceso restringido  |u http://vlex.com/account/login_ip?fuente_id=3123  
942 |c REV